Think Again: The Power of Knowing What you Don't Know (Record no. 369839)

MARC details
000 -LEADER
fixed length control field 00471nam a2200169 4500
005 - DATE AND TIME OF LATEST TRANSACTION
control field 20260109154721.0
008 - FIXED-LENGTH DATA ELEMENTS--GENERAL INFORMATION
fixed length control field 260109b |||||||| |||| 00| 0 eng d
020 ## - INTERNATIONAL STANDARD BOOK NUMBER
International Standard Book Number 978-0-7535-5391-6
041 ## - LANGUAGE CODE
Language code of text/sound track or separate title English
082 ## - DEWEY DECIMAL CLASSIFICATION NUMBER
Classification number X 153.42 GRA
Item number B12158
100 ## - MAIN ENTRY--PERSONAL NAME
Author Grant, Adam
245 ## - TITLE STATEMENT
Title Think Again: The Power of Knowing What you Don't Know
260 ## - PUBLICATION, DISTRIBUTION, ETC.
Place of publication, distribution, etc. New Delhi
Name of publisher, distributor, etc. Penguin Random House
Date of publication, distribution, etc. 2023
300 ## - PHYSICAL DESCRIPTION
Extent 308p
Other physical details pb
365 ## - TRADE PRICE
Price type code Rupaye
Price amount 484
Currency code INR
942 ## - ADDED ENTRY ELEMENTS (KOHA)
Koha item type Books
Holdings
Withdrawn status Lost status Source of classification or shelving scheme Damaged status Not for loan Collection code Home library Current library Date acquired Vendor Net Price Bill number Total Checkouts Full call number Barcode Date last seen Date last checked out Discount Actual Price Bill Date Koha item type Original Barcode
    Dewey Decimal Classification     Non-fiction Smt. Bakul Tambat Institute of Nursing Education Smt. Bakul Tambat Institute of Nursing Education 30/12/2025 Amazon(online) 171-7297983-2534761 464.64 XIA4-103659 1 X 153.42 GRA B12158 BTIN-BK-12158 25/02/2026 18/02/2026 19.36 484.00 02/12/2025 Books BTIN-BK-12158